geografia prawda falsz - Statystyki

Ogólne statystyki
  • Ten quiz został rozwiązany 488 razy
    467 od ostatniego zresetowania
  • Średni wynik to 8 z 14
Statystyki odpowiedzi
Zagadnienie Odpowiedź % Poprawnych
tylko polska uznaje kosowo za niepodlegle panstwo falsz
85%
w usa sa 46 stany falsz
81%
najbardziej zaludnionym krajem sa chiny prawda
81%
najwieksze pkb na osobe w afryce jest w gwinei bissau falsz
68%
wyspy kanaryjskie naleza do portugali falsz
67%
najmniejsze pkb na osobe jest w somali prawda
64%
rosja jest wieksza od plutona prawda
60%
3 najwiekszy kraj na swiecie to stany zjednoczone falsz
58%
polska miala 3 stolice prawda
57%
jest 198 niepodleglych kraji na swiecie falsz
52%
najwyzszy szczyt na swiecie jest 8 488 m n.p.m falsz
51%
monako jest 4 najmniejszym krajem na swiecie falsz
44%
w tokio mieszka wiecej osob niz w polsce falsz
43%
w europie instnieją 52 panstwa prawda
38%
Nie znaleziono quizów pasujących do podanych kryteriów
Rozkład punktacji
Procent ludzi z każdym wynikiem
Percentyl według liczby udzielonych odpowiedzi
Twoja historia wyników
Nie rozwiązałeś tego quizu od ostatniego zresetowania